Aplikácia reálnej hodnoty
Možnosti ocenenia majetku prostredníctvom fair value podľa účtovných štandardov (SAS, IFRS a US GAAP).
Na minha lista:
| Autor principal: | |
|---|---|
| Formato: | Capítulo de Livro |
| Idioma: | eslovaco |
| Assuntos: | |
| Tags: |
Sem tags, seja o primeiro a adicionar uma tag!
|
MARC
| LEADER | 00000nla$a2200000$$$4500 | ||
|---|---|---|---|
| 001 | 0145124 | ||
| 005 | 20240502072615.9 | ||
| 041 | 0 | |a slo | |
| 044 | |a SK | ||
| 245 | 1 | 0 | |a Aplikácia reálnej hodnoty |c Kristián Kadlečík |
| 520 | |a Možnosti ocenenia majetku prostredníctvom fair value podľa účtovných štandardov (SAS, IFRS a US GAAP). | ||
| 610 | 2 | 0 | |a majetok |
| 610 | 2 | 0 | |a záväzky |
| 610 | 2 | 0 | |a oceňovanie |
| 610 | 2 | 0 | |a štandardy ohodnocovacie medzinárodné |
| 610 | 2 | 0 | |a hodnota reálna |
| 100 | 1 | |a Kadlečík, Kristián | |